[Event "Marianske Lazne IM 2013"]
[Site "Marianske Lazne CZE"]
[Date "2013.01.19"]
[Round "2.2"]
[White "Jurek,J"]
[Black "Cherednichenko,E"]
[Result "1/2-1/2"]
[WhiteElo "2325"]
[BlackElo "2170"]

1.d4 d5 2.c4 e6 3.Nf3 Nf6 4.g3 Be7 5.Bg2 O-O 6.O-O dxc4 7.Qc2 a6 8.Qxc4 b5
9.Qc2 Bb7 10.Bg5 Nbd7 11.Nbd2 Rc8 12.Bxf6 Nxf6 13.Nb3 Be4 14.Qc3 Nd7 15.Rfd1 Bd5
16.Ne1 Bxg2 17.Kxg2 c6 18.Rac1 Qb6 19.Nd3 Rc7 20.a3 Rfc8 21.Ndc5 Nxc5 22.Nxc5 a5
23.e3 h6 24.Rc2 Kf8 25.Qd3 Kg8 26.Qe4 Rd8 27.Rdc1 Rdc8 28.f4 Bf6 29.b4 axb4
30.axb4 Qa7 31.Nd3 Qa3 32.h4 Be7 33.Ne5 Qxb4 34.Nxc6 Qd6 35.f5 Re8 36.fxe6 fxe6
37.Rc5 b4 38.Nxb4 Rxc5 39.Rxc5 Qb6 40.Nd3 Bxc5 41.Nxc5 Qd6 42.Qg6 Re7 43.g4 Qd5+
44.Qe4 Qa2+ 45.Kh3 Rf7 46.Nd3 Qb1 47.Qa8+ Rf8 48.Qe4 Kh8 49.h5 Qf1+ 50.Kg3 Qb1
51.Kh3 Rb8 52.Kg3 Qg1+ 53.Kh3 Qf1+ 54.Kg3 Qb1 55.Kh3 Rf8 56.Kg3 Qc2 57.Kh3 Rb8
58.Kg3 Qb1  1/2-1/2

[Event "Dvorkovich Mem 2013"]
[Site "Taganrog RUS"]
[Date "2013.01.19"]
[Round "5.21"]
[White "Elizarov,D"]
[Black "Arshaev,A"]
[Result "1-0"]
[WhiteElo "2409"]
[BlackElo "1911"]

1.d4 Nf6 2.Nf3 e6 3.g3 d5 4.c4 Be7 5.Bg2 O-O 6.Qc2 c6 7.O-O Nbd7 8.Nbd2 b6
9.e4 Ba6 10.Re1 Rc8 11.e5 Ne8 12.b3 Nc7 13.a4 c5 14.Ba3 cxd4 15.Nxd4 Bb7
16.Nb5 Nxb5 17.axb5 Nc5 18.Bxc5 Bxc5 19.Rxa7 Rc7 20.Qc3 Qb8 21.Ra2 Rd8 22.Nf1 dxc4
23.bxc4 Bd4 24.Qc2 Bxg2 25.Kxg2 Rc5 26.f4 Rdc8 27.Qd3 Qb7+ 28.Kh3 Rd8 29.Re4 Rxc4
30.Rd2 h5 31.Ne3 Rc3 32.Qxc3 Bxc3 33.Rxd8+ Kh7 34.Rc4 Ba5 35.Rc6 Qe7 36.Rcc8 f6
37.exf6 Qxf6 38.f5 Kh6 39.Rh8+ Kg5 40.Rc6 Bd2 41.Rxe6 Bxe3 42.Rxf6 gxf6 43.Kg2  1-0

[Event "TCh-AUT 2012-13"]
[Site "Graz AUT"]
[Date "2013.01.20"]
[Round "7.4"]
[White "Neubauer,M"]
[Black "Wegerle,J"]
[Result "1/2-1/2"]
[WhiteElo "2440"]
[BlackElo "2413"]

1.d4 d5 2.c4 e6 3.Nf3 Be7 4.g3 Nf6 5.Bg2 O-O 6.O-O dxc4 7.Qc2 a6 8.a4 Bd7
9.Qxc4 Bc6 10.Bf4 a5 11.Nc3 Na6 12.Rad1 Nb4 13.Ne5 Bxg2 14.Kxg2 Nfd5 15.Bc1 f6
16.Nf3 f5 17.e4 fxe4 18.Nxe4 Qe8 19.b3 Qh5 20.Qe2 Rae8 21.Ng1 Qxe2 22.Nxe2 Nf6
23.Ng5 Bd6 24.Nc3 Nbd5 25.Bd2 Nxc3 26.Bxc3 h6 27.Nf3 b6 28.Rfe1 Nd5 29.Bd2 Rf6
30.Ne5 Bxe5 31.Rxe5  1/2-1/2

[Event "5th Chennai Open 2013"]
[Site "Chennai IND"]
[Date "2013.01.21"]
[Round "9"]
[White "Ramnathan,B"]
[Black "Rajadharshini,M"]
[Result "1-0"]
[WhiteElo "2260"]
[BlackElo "2077"]

1.d4 Nf6 2.c4 e6 3.Nf3 d5 4.g3 Be7 5.Bg2 O-O 6.O-O Nbd7 7.Nbd2 c6 8.Qc2 Re8
9.b3 Bd6 10.Bb2 e5 11.dxe5 Nxe5 12.Rad1 Nxf3+ 13.Nxf3 Be6 14.Ng5 h6 15.Nxe6 Rxe6
16.cxd5 cxd5 17.Bxd5 Nxd5 18.Rxd5 Qc7 19.Qd3 Rae8 20.Rc1 Qb8 21.Rc2 Be5 22.Bxe5 Rxe5
23.Rd7 R5e7 24.e3 Rxd7 25.Qxd7 Rd8 26.Qc7 Qa8 27.Kg2 b5+ 28.Qc6 Qb8 29.Rc5 Rd6
30.Rxb5 Qd8 31.Qb7 Qf6 32.Qe4 Rd2 33.Rb8+ Rd8 34.Rxd8+ Qxd8 35.b4 Qd7 36.Qc4 Qa4
37.e4 Kh7 38.Qxf7 Qxb4 39.Qd5 Kg6 40.Qf5+  1-0

[Event "11th Gibraltar Masters"]
[Site "Caleta ENG"]
[Date "2013.01.22"]
[Round "1.77"]
[White "Aloma Vidal,R"]
[Black "Obiamiwe,P"]
[Result "1-0"]
[WhiteElo "2389"]
[BlackElo "1973"]

1.d4 d5 2.c4 e6 3.Nf3 Be7 4.g3 Nf6 5.Bg2 O-O 6.O-O dxc4 7.Qc2 a6 8.a4 Bd7
9.Qxc4 Bc6 10.Bg5 Bd5 11.Qd3 Be4 12.Qe3 Nbd7 13.Nc3 Bc6 14.Qd3 h6 15.Bf4 Rc8
16.Rfd1 Bb4 17.Qc2 Qe7 18.Qb3 Rfd8 19.Ne5 Bxg2 20.Kxg2 c5 21.Na2 Nd5 22.Nxb4 Nxf4+
23.gxf4 cxb4 24.Nd3 a5 25.Rac1 Qd6 26.e3 b6 27.Ne5 Nf6 28.Qd3 Qd5+ 29.Kg1 Qa2
30.Nc6 Rxc6 31.Rxc6 Qxb2 32.Rc2 Qa3 33.Qxa3 bxa3 34.Ra1 Nd5 35.Rxa3 Rd7 36.Rc8+ Kh7
37.Rb3 Kg6 38.Kg2 Kf6 39.Kf3 Ke7 40.e4 Nb4 41.Ke3 Rb7 42.Rbc3 Kd7 43.Rf8 Ke7
44.Ra8 g6 45.Rcc8 h5 46.Rab8  1-0

[Event "Marianske Lazne Open 2013"]
[Site "Marianske Lazne CZE"]
[Date "2013.01.22"]
[Round "5.8"]
[White "Taborsky,R"]
[Black "Gulbrandsen,T"]
[Result "1-0"]
[WhiteElo "2242"]
[BlackElo "2125"]

1.d4 Nf6 2.c4 e6 3.g3 d5 4.Nf3 Be7 5.Bg2 O-O 6.O-O Nbd7 7.Qc2 c6 8.Rd1 Re8
9.b3 b6 10.Nc3 Bb7 11.e4 dxe4 12.Ng5 Qc8 13.Ngxe4 Nxe4 14.Bxe4 h6 15.Bb2 Nf6
16.Bg2 Qc7 17.Rd2 Rad8 18.Rad1 Qc8 19.a3 a6 20.Na4 Qc7 21.c5 b5 22.Nc3 Nd5
23.Na2 Bc8 24.Nc1 a5 25.Nd3 Ba6 26.b4 Bc8 27.Bc3 a4 28.Bb2 Bg5 29.Re2 Ne7
30.Ne5 Nd5 31.h4 Bf6 32.Red2 Ne7 33.Qe4 Nd5 34.Bf1 g6 35.h5 Bxe5 36.dxe5 Ne7
37.Rd6 Nf5 38.hxg6 Nxd6 39.exd6 Qd7 40.Qe5 f6 41.Qxf6 e5 42.Bh3  1-0

[Event "11th Gibraltar Masters"]
[Site "Caleta ENG"]
[Date "2013.01.25"]
[Round "4.111"]
[White "Suez Panama,G"]
[Black "Collins,Andrew"]
[Result "1-0"]
[WhiteElo "1989"]
[BlackElo "1638"]

1.d4 Nf6 2.Nf3 d5 3.c4 e6 4.g3 Be7 5.Bg2 O-O 6.O-O Nbd7 7.Qc2 c6 8.Nbd2 Re8
9.Rd1 Qc7 10.e4 dxe4 11.Nxe4 Nxe4 12.Qxe4 Nf6 13.Qc2 Qa5 14.c5 Qd8 15.Ne5 Nd5
16.a3 a5 17.b3 Bg5 18.Nc4 Be7 19.Bb2 Bd7 20.Re1 b5 21.Ne5 Bf6 22.Nd3 Qc7
23.Re2 Ne7 24.Rae1 Nf5 25.Ne5 a4 26.b4 Red8 27.Be4 Bxe5 28.dxe5 h6 29.Rd2 g6
30.Rd6 Be8 31.Qd2 g5 32.Rd1 Rxd6 33.exd6 Qd7 34.Qc3 f6 35.Qxf6  1-0

[Event "11th Gibraltar Masters"]
[Site "Caleta ENG"]
[Date "2013.01.25"]
[Round "4.33"]
[White "Chapman,T"]
[Black "Mastrovasilis,A"]
[Result "1/2-1/2"]
[WhiteElo "2292"]
[BlackElo "2498"]

1.Nf3 Nf6 2.c4 e6 3.g3 d5 4.d4 Be7 5.Bg2 O-O 6.O-O dxc4 7.Qc2 a6 8.a4 Bd7
9.Qxc4 Bc6 10.Bf4 a5 11.Nc3 Na6 12.Rac1 h6 13.Ne5 Bxg2 14.Kxg2 c6 15.e4 Nb4
16.Rfd1 Rc8 17.Qe2 Ra8 18.h4 Nd7 19.Nxd7 Qxd7 20.Qg4 f5 21.Qh5 Bf6 22.Be5 Rad8
23.exf5 exf5 24.f4 Nd5 25.Qf3 Qf7 26.Nxd5 Rxd5 27.Re1 Rfd8 28.Re2 Bxe5 29.dxe5 Rd3
30.e6 Qe7 31.Qh5 Rd2 32.Kh3 Rxe2 33.Qxe2 Rd4 34.Qe5 Re4 35.Qxf5 Qxe6 36.Qxe6+ Rxe6
37.Rc3 Kf7 38.Rb3 Re7 39.Kg4 Kf6 40.h5 Rd7 41.Kf3 Rd4  1/2-1/2

[Event "Asian Zone 3.3"]
[Site "Tagaytay City PHI"]
[Date "2013.01.25"]
[Round "5.7"]
[White "Nguyen Van Huy"]
[Black "Bitoon,R"]
[Result "1/2-1/2"]
[WhiteElo "2504"]
[BlackElo "2411"]

1.d4 Nf6 2.Nf3 e6 3.g3 d5 4.Bg2 Be7 5.c4 dxc4 6.Qa4+ c6 7.Qxc4 b5 8.Qc2 Bb7
9.O-O O-O 10.Nbd2 Nbd7 11.Nb3 Rc8 12.Nc5 Nxc5 13.dxc5 Qd5 14.b4 Qc4 15.Qb2 Nd5
16.a3 Bf6 17.Ne5 Qc3 18.f4 Rfd8 19.Bxd5 Bxe5 20.fxe5 Qxb2 21.Bxb2 Rxd5 22.Bc3 Rc7
23.Kf2 Rcd7 24.Ke3 a5 25.g4 a4 26.h4 Bc8 27.Rg1 Rd8 28.Raf1 Bd7 29.g5 Be8
30.Rh1 R8d7 31.Rhg1 Rd8 32.Rh1  1/2-1/2

[Event "18th HIT Open A 2013"]
[Site "Nova Gorica SLO"]
[Date "2013.01.26"]
[Round "3.12"]
[White "Tonon,A"]
[Black "Znidaric,Anze"]
[Result "1/2-1/2"]
[WhiteElo "2260"]
[BlackElo "1827"]

1.d4 Nf6 2.c4 e6 3.g3 d5 4.Nf3 Be7 5.Bg2 O-O 6.O-O b6 7.cxd5 exd5 8.Nc3 Bb7
9.Bf4 Na6 10.Rc1 c5 11.Ne5 Ne4 12.dxc5 Naxc5 13.Nxe4 dxe4 14.Nc4 Qxd1 15.Rfxd1 Rfd8
16.Nd6 Ba6 17.Nxe4 Bxe2 18.Rxd8+ Rxd8 19.Nxc5  1/2-1/2

[Event "ITT ABC COLOR 2013"]
[Site "Asuncion PAR"]
[Date "2013.01.29"]
[Round "5.5"]
[White "Kropff,R"]
[Black "Latorre,Mat"]
[Result "1/2-1/2"]
[WhiteElo "2213"]
[BlackElo "2265"]

1.d4 Nf6 2.c4 e6 3.g3 d5 4.Nf3 Be7 5.Bg2 O-O 6.Qc2 dxc4 7.Qxc4 a6 8.Qc2 Nc6
9.e3 Nb4 10.Qe2 Bd7 11.Nc3 c5 12.O-O cxd4 13.Nxd4 e5 14.Nf3 Qc7 15.a3 Nc6
16.e4 Be6 17.Re1 Bc5 18.Be3 Bxe3 19.Qxe3 Rad8 20.Rac1 Qa5 21.Nb1 Qb5 22.b4 Ng4
23.Qc5 Nd4 24.Qxb5 axb5 25.Nc3 Bc4 26.h3 Nxf3+ 27.Bxf3 Nf6 28.Rcd1 Ra8 29.Nb1 Rfd8
30.Rxd8+ Rxd8 31.Nc3 Rd2 32.Rd1 Rxd1+ 33.Bxd1 Ne8 34.f3 Nd6 35.a4 bxa4 36.Bxa4 Kf8
37.Kf2 Ke7 38.Ke3 f6 39.h4 Nf7 40.Bd1 Kd6 41.Ba4 Nd8 42.f4 exf4+ 43.gxf4 Ne6
44.Nb5+ Ke7 45.Nd4 Nxd4 46.Kxd4 Bf1 47.Bc2 h6 48.e5 g5 49.exf6+ Kxf6 50.fxg5+ hxg5
51.hxg5+ Kxg5 52.Be4 b6 53.Kd5 Kf6 54.Kc6 b5 55.Kc5 Ke7 56.Bc6 Kd8 57.Bxb5 Bg2
58.Kb6 Kc8 59.Ka7 Kc7 60.Be8 Bf1  1/2-1/2

[Event "11th Gibraltar Masters"]
[Site "Caleta ENG"]
[Date "2013.01.29"]
[Round "8.28"]
[White "Ju Wenjun"]
[Black "Kantorik,M"]
[Result "1-0"]
[WhiteElo "2505"]
[BlackElo "2331"]

1.d4 Nf6 2.c4 e6 3.g3 d5 4.Nf3 Be7 5.Bg2 O-O 6.b3 b6 7.O-O Bb7 8.Bb2 Nbd7
9.e3 Ne4 10.Qe2 Rc8 11.Rd1 Bf6 12.Ne5 Be7 13.f3 Nef6 14.Nxd7 Nxd7 15.Nc3 Re8
16.Kh1 Bf8 17.f4 Nf6 18.g4 g6 19.Bf3 c6 20.Rd2 Bg7 21.Rg1 Qc7 22.h4 dxc4
23.bxc4 c5 24.dxc5 Bxf3+ 25.Qxf3 Qxc5 26.g5 Nh5 27.Ne4 Qc6 28.Bxg7 Kxg7 29.Kg2 Red8
30.Rgd1 Rxd2+ 31.Rxd2 Qxc4 32.Nd6 Qc3 33.Qe2 Qc6+ 34.Qf3 Qc3 35.Qe2 Qc6+
36.Qf3 Qxf3+ 37.Kxf3 Rc6 38.Ne4 Rc7 39.Rd8 h6 40.Nd6 Kh7 41.Ne8 Rc2 42.Rd7 hxg5
43.hxg5 Rxa2 44.Rxf7+ Kg8 45.Rb7 Kf8 46.Nd6 Ra4 47.Nf7 Ng7 48.Ne5 Nf5 49.Nxg6+ Kg8
50.Ne5 Ra3 51.Ng4 b5 52.Rc7 b4 53.Ke4 b3 54.Nf6+ Kf8 55.g6  1-0

[Event "11th Gibraltar Masters"]
[Site "Caleta ENG"]
[Date "2013.01.30"]
[Round "9.89"]
[White "Stockmann,M"]
[Black "Hamer,M"]
[Result "1-0"]
[WhiteElo "2312"]
[BlackElo "2025"]

1.d4 Nf6 2.Nf3 e6 3.c4 d5 4.g3 Be7 5.Bg2 O-O 6.O-O dxc4 7.Na3 c5 8.dxc5 Bxc5
9.Nxc4 Nc6 10.a3 a6 11.b4 Ba7 12.Bb2 Qe7 13.Nfe5 Nxe5 14.Nxe5 Rd8 15.Qb3 Nd7
16.Rad1 f6 17.Nc4 Rb8 18.Na5 Nf8 19.Rxd8 Qxd8 20.Rd1 Qc7 21.e3 Kh8 22.Qd3 Bb6
23.Nc4 Bd7 24.Nxb6 Qxb6 25.Bd4 Qc7 26.Bc5 Bb5 27.Qd6 Qxd6 28.Rxd6 Kg8 29.f4 Kf7
30.Rb6 Nd7 31.Rxb7 Rxb7 32.Bxb7 Nxc5 33.bxc5 Ke7 34.Kf2 Kd7 35.Ke1 Kc7 36.Be4 f5
37.Bf3 Bc6 38.Be2 Bb5 39.Bf3 Bc6 40.Bd1 Bd5 41.Ba4 Bc6 42.Bb3 Bd5 43.Ba4 Bc6
44.Bd1 Bd5 45.Be2 a5 46.Bb5 Bc6 47.a4 Bd5 48.Kd2 Bb3 49.Kc3 Bd1 50.Kd4 Bb3
51.Ke5 Ba2 52.h3 Bd5 53.g4 fxg4 54.hxg4 Ba2 55.e4 Bb3 56.g5 h5 57.gxh6 gxh6
58.Kf6 h5 59.Kg5 Bc2 60.f5 exf5 61.exf5 h4 62.f6 h3 63.f7 h2 64.f8=Q h1=Q
65.Qe7+ Kb8 66.Qd8+ Ka7 67.Qb6+  1-0

[Event "11th Gibraltar Masters"]
[Site "Caleta ENG"]
[Date "2013.01.31"]
[Round "10.29"]
[White "Arvola,B"]
[Black "Harika,D"]
[Result "0-1"]
[WhiteElo "2309"]
[BlackElo "2514"]

1.d4 d5 2.c4 e6 3.Nf3 Nf6 4.g3 Be7 5.Bg2 O-O 6.O-O dxc4 7.Qa4 a6 8.Qxc4 b5
9.Qc2 Bb7 10.Bd2 Bd6 11.Rc1 Nbd7 12.Ba5 Qe7 13.a4 c5 14.axb5 axb5 15.Nc3 Rfc8
16.d5 exd5 17.Nxb5 Bb8 18.Nh4 Bc6 19.Nf5 Qf8 20.Qb3 g6 21.Nfd4 cxd4 22.Nxd4 Ne5
23.f4 Ba7 24.Bb6 Bxb6 25.Qxb6 Nc4  0-1

[Event "Bundesliga 2012-13"]
[Site "Essen GER"]
[Date "2013.02.02"]
[Round "7"]
[White "Grabarczyk,M"]
[Black "Feygin,M"]
[Result "1/2-1/2"]
[WhiteElo "2450"]
[BlackElo "2538"]

1.d4 e6 2.c4 Nf6 3.g3 d5 4.Bg2 Be7 5.Nf3 O-O 6.O-O dxc4 7.Qc2 b5 8.a4 b4
9.Nbd2 Bb7 10.Nxc4 Nbd7 11.Bg5 c5 12.Rfd1 Be4 13.Qd2 h6 14.Bxf6 Nxf6 15.Nfe5 Bxg2
16.Kxg2 Qd5+ 17.f3 Rfd8 18.dxc5 Qxc5 19.Qe3 Qc7 20.Qb3 Rd5 21.Nd3 Rad8 22.Rac1  1/2-1/2

[Event "Imperial College Open"]
[Site "London ENG"]
[Date "2013.02.02"]
[Round "2"]
[White "Hjort,Helge"]
[Black "Gupta,Arul"]
[Result "1/2-1/2"]
[WhiteElo "1989"]
[BlackElo "1760"]

1.d4 d5 2.c4 e6 3.Nf3 Nf6 4.g3 Be7 5.Bg2 O-O 6.O-O dxc4 7.Ne5 Nc6 8.Bxc6 bxc6
9.Nxc6 Qe8 10.Nxe7+ Qxe7 11.Qa4 Bb7 12.Qxc4 Rfd8 13.Nc3 Nd5 14.Nxd5 Bxd5
15.Qc5 Qf6 16.f3 Bb7 17.Bg5 Qxd4+ 18.Qxd4 Rxd4 19.Be3 Rd7 20.Rfd1 Rad8 21.Rxd7 Rxd7
22.Kf2 a6 23.Rc1 f6 24.Ke1 Kf7 25.Bd2 e5 26.Ba5 c6 27.e4 Rd4 28.Bc3 Rd7 29.Ke2 Ke6
30.Bb4 g6 31.Rc5 f5 32.Bc3 fxe4 33.Rxe5+ Kf7 34.fxe4 Re7 35.Kd3 Rxe5 36.Bxe5 Ke6
37.Bd4 a5 38.Kc4 Ba6+ 39.Kc5 Bb5 40.Bc3 a4 41.e5 h5 42.h4 Kd7 43.Kb4 Ke7
44.b3 axb3 45.a4 Bd3 46.Kc5 Kd7 47.Kb6 Be2 48.a5 Bd3 49.a6 c5 50.Kb7  1/2-1/2

[Event "Bundesliga 2012-13"]
[Site "Solingen GER"]
[Date "2013.02.02"]
[Round "7"]
[White "Andersen,Mad"]
[Black "Berger,Stev"]
[Result "1/2-1/2"]
[WhiteElo "2461"]
[BlackElo "2400"]

1.d4 e6 2.c4 Nf6 3.Nf3 d5 4.g3 Be7 5.Bg2 O-O 6.O-O dxc4 7.Qc2 a6 8.Qxc4 b5
9.Qc2 Bb7 10.Bd2 Be4 11.Qc1 Bb7 12.Qc2 Be4 13.Qc1 Bb7 14.Bf4 Nd5 15.Rd1 Nxf4
16.gxf4 Bd6 17.e3 Qe7 18.Qc2 f6 19.Nbd2 Nd7 20.Nb3 f5 21.Rac1 Be4 22.Qe2 Nb6
23.Nc5 Bd5 24.b3 Rf6 25.Ne5 Rh6 26.f3 Qh4 27.h3 g5 28.e4 gxf4 29.exd5 Nxd5
30.Qf2 Qh5 31.Ncd3 Kh8 32.Qd2 Bxe5 33.Nxe5 Rg8 34.Re1 Rg3 35.Qf2 Kg8 36.Kf1 Qg5
37.Qc2 Rf6 38.Qd2 Ne3+ 39.Rxe3 fxe3 40.Qe2 Qf4 41.Rc3 Qxd4 42.Rxe3 Rg7 43.Rd3 Qf4
44.Qb2 Qg5 45.Rd4 Rf8 46.f4 Qg3 47.Qf2 Qc3 48.Qd2 Qa1+ 49.Kf2 h6 50.Rd3 Kh7
51.Re3 c5 52.Re1 Rd8 53.Qxd8 Qxa2+ 54.Re2 Rxg2+ 55.Kxg2 Qxe2+ 56.Kg3 Qe1+  1/2-1/2

[Event "ch-TUR 2013"]
[Site "Antalya TUR"]
[Date "2013.02.05"]
[Round "6.72"]
[White "Koksal,R"]
[Black "Ulusoy,Selcuk"]
[Result "1/2-1/2"]
[WhiteElo "1920"]
[BlackElo "1717"]

1.d4 Nf6 2.Nf3 d5 3.c4 e6 4.g3 Be7 5.Bg2 O-O 6.O-O c5 7.cxd5 exd5 8.Nc3 Nc6
9.Bf4 a6 10.a4 h6 11.dxc5 Bxc5 12.Rc1 Ba7 13.Ne5 Re8  1/2-1/2

[Event "1st Maksym Yusupov Mem"]
[Site "Lviv UKR"]
[Date "2013.02.05"]
[Round "9.5"]
[White "Nester,I"]
[Black "Ustiyanovich,N"]
[Result "1-0"]
[WhiteElo "2328"]
[BlackElo "2305"]

1.Nf3 d5 2.d4 Nf6 3.c4 e6 4.g3 Be7 5.Bg2 O-O 6.O-O Nbd7 7.Nbd2 c6 8.Qc2 b6
9.e4 Bb7 10.e5 Ne8 11.cxd5 cxd5 12.Re1 Ba6 13.Nf1 Rc8 14.Qa4 Bd3 15.Ne3 a5
16.Bd2 Nc7 17.Rec1 Be4 18.Qb3 Na6 19.a3 f6 20.exf6 Bxf6 21.Ng4 Rxc1+ 22.Rxc1 Bxf3
23.Qxf3 Bxd4 24.Qd3 Bxb2 25.Qxa6 Bxc1 26.Bxc1 Qc8 27.Qf1 Qc3 28.a4 Nc5 29.Bf4 Nd3
30.Bd6 Rd8 31.Be7 Re8 32.Bd6 Rd8 33.Be7 Rc8 34.Bh3  1-0

[Event "ch-TUR 2013"]
[Site "Antalya TUR"]
[Date "2013.02.07"]
[Round "8.82"]
[White "Gulsoy,Mustafa Alpago"]
[Black "Benzetsel,E"]
[Result "0-1"]
[WhiteElo "1664"]
[BlackElo "1848"]

1.d4 Nf6 2.Nf3 e6 3.g3 d5 4.Bg2 Be7 5.c4 O-O 6.O-O dxc4 7.Qc2 a6 8.a4 Bd7
9.Nbd2 Bc6 10.Nxc4 Be4 11.Qd1 Nc6 12.Nce5 Nxe5 13.Nxe5 Bxg2 14.Kxg2 Qd5+
15.Nf3 Rfd8 16.Bf4 Rac8 17.Rc1 Qa5 18.Qb3 b5 19.axb5 axb5 20.Ne5 c5 21.dxc5 Bxc5
22.Rc2 b4 23.Rfc1 Nd5 24.Nd3 Nxf4+ 25.gxf4 Qa8+ 26.Kg1 Bf8 27.Nxb4 Rb8 28.Rc4 Qb7
29.f5 Bxb4 30.fxe6 fxe6 31.Rc7 Qd5 32.Qg3 Bf8 33.R1c5 Qe4 34.Rc1 Rxb2 35.Qf3 Qxf3  0-1

[Event "TCh-FIN SM 2012-13"]
[Site "Porvoo FIN"]
[Date "2013.02.09"]
[Round "10.2"]
[White "Sammalvuo,T"]
[Black "Rudolf,An"]
[Result "1-0"]
[WhiteElo "2470"]
[BlackElo "2306"]

1.d4 d5 2.c4 e6 3.Nf3 Nf6 4.g3 Be7 5.Bg2 O-O 6.O-O dxc4 7.Qc2 a6 8.Qxc4 b5
9.Qc2 Bb7 10.Bd2 Be4 11.Qc1 Bd6 12.Bg5 Nbd7 13.Nbd2 Bb7 14.e4 e5 15.dxe5 Nxe5
16.Nxe5 Bxe5 17.Nf3 Qe7 18.Nxe5 Qxe5 19.Bf4 Qe6 20.f3 Rac8 21.Rd1 Rfe8 22.Qc5 h6
23.Bxc7 Re7 24.Rd8+ Rxd8 25.Bxd8 Rd7 26.Ba5 Rd3 27.Bc3 Qd7 28.Re1 Ne8 29.Qf2 Qe6
30.a3 Nc7 31.Bf1 Rd7 32.Qc5 Qb3 33.Bh3 Ne6 34.Qe5 Bc6 35.Qb8+ Rd8 36.Bxe6  1-0

[Event "Chess Classic ELO Open 2013"]
[Site "Baden-Baden GER"]
[Date "2013.02.10"]
[Round "4.11"]
[White "Kuehn,Kolja"]
[Black "Vogel,Ja"]
[Result "0-1"]
[WhiteElo "1944"]
[BlackElo "2190"]

1.d4 e6 2.c4 Nf6 3.Nf3 d5 4.g3 Be7 5.Bg2 O-O 6.Nc3 dxc4 7.Qa4 a6 8.Qxc4 b5
9.Qd3 Bb7 10.Bf4 c5 11.Rd1 b4 12.Na4 Be4 13.Qc4 Bd5 14.Qc2 cxd4 15.Bc7 Qe8
16.Nb6 Be4 17.Qc4 Ra7 18.Rc1 Nc6 19.Nxd4 Bxg2 20.Nxc6 Rxc7 21.Nxe7+ Rxe7
22.Qxb4 Rb7  0-1

[Event "Chess Classic ELO Open 2013"]
[Site "Baden-Baden GER"]
[Date "2013.02.10"]
[Round "4.14"]
[White "Feiler,J"]
[Black "Hoegener,C"]
[Result "1-0"]
[WhiteElo "2138"]
[BlackElo "2059"]

1.d4 Nf6 2.c4 e6 3.g3 Be7 4.Bg2 d5 5.Nf3 O-O 6.O-O c6 7.Nc3 Nbd7 8.b3 b6
9.Qc2 Bb7 10.Rd1 Rc8 11.e4 dxe4 12.Nxe4 Nxe4 13.Qxe4 Nf6 14.Qe2 Qc7 15.Bf4 Bd6
16.Ne5 Qe7 17.g4 Rfd8 18.Rd3 c5 19.g5 Ne8 20.Bxb7 Qxb7 21.d5 Bxe5 22.Qxe5 exd5
23.Rxd5 Rxd5 24.cxd5 Qd7 25.d6 Rd8 26.Re1 f6 27.Qd5+ Kh8 28.f3 Nc7 29.Qb7 Re8
30.Rf1  1-0

[Event "17th Lienz Open 2013"]
[Site "Lienz AUT"]
[Date "2013.02.10"]
[Round "3.23"]
[White "Neff,G"]
[Black "Nohl,H"]
[Result "1-0"]
[WhiteElo "2143"]
[BlackElo "1881"]

1.d4 d5 2.c4 e6 3.Nf3 Nf6 4.g3 Be7 5.Bg2 O-O 6.O-O b6 7.Nc3 Bb7 8.Ne5 c5
9.dxc5 bxc5 10.cxd5 exd5 11.Qb3 Qb6 12.Nxd5 Nxd5 13.Bxd5 Bxd5 14.Qxd5  1-0

[Event "Horodok-800 years IM"]
[Site "Horodok UKR"]
[Date "2013.02.11"]
[Round "1"]
[White "Berlin,D"]
[Black "Vetoshko,V"]
[Result "1/2-1/2"]
[WhiteElo "2065"]
[BlackElo "2277"]

1.d4 Nf6 2.c4 e6 3.g3 d5 4.Bg2 Be7 5.Nf3 O-O 6.Qc2 c6 7.O-O Nbd7 8.Nbd2 c5
9.Rd1 cxd4 10.Nxd4 Nb6 11.cxd5 exd5 12.b3 Bg4 13.Bb2 Rc8 14.Qd3 Nbd7 15.Rac1 Nc5
16.Qb1 Qb6 17.h3 Bh5 18.Nf5 Qe6 19.Nxe7+ Qxe7 20.Re1 Bg6 21.Qa1 Nce4 22.Nxe4 Bxe4
23.Bxf6 Qxf6 24.Qxf6  1/2-1/2

[Event "17th Lienz Open 2013"]
[Site "Lienz AUT"]
[Date "2013.02.12"]
[Round "5.12"]
[White "Piotraschke,J"]
[Black "Groiss,K"]
[Result "1-0"]
[WhiteElo "2138"]
[BlackElo "2011"]

1.d4 d5 2.Nf3 e6 3.c4 Nf6 4.g3 Be7 5.Bg2 O-O 6.O-O c6 7.b3 Nbd7 8.Bb2 Re8
9.Nbd2 Nf8 10.Qc2 Ng6 11.e4 dxe4 12.Nxe4 Nxe4 13.Qxe4 Bf6 14.Qe2 Qc7 15.h4 b6
16.h5 Ne7 17.Rad1 Rd8 18.Bc1 Bb7 19.Bf4 Qc8 20.g4 h6 21.Be5 Bxe5 22.Nxe5 f6
23.Nf3 Re8 24.Rfe1 Kf7 25.Nd2 Qd7 26.Ne4 f5 27.Nd2 fxg4 28.Qxg4 Nf5 29.Nf3 Kg8
30.Ne5 Qc7 31.Be4 Rf8 32.Ng6 Rf6 33.Bxf5 Rxf5 34.Ne7+ Qxe7 35.Qxf5 Qh4 36.Qxe6+ Kh8
37.Qg6 Rf8 38.Rd2 Bc8 39.Re8 Rxe8 40.Qxe8+ Kh7 41.Qg6+ Kg8 42.Re2 Bd7 43.Re4 Qh3
44.Re7 Qg4+ 45.Qxg4 Bxg4 46.Re5 Kf7 47.Kg2 Be6 48.Kg3 Kf6 49.Kf4 a5 50.d5 cxd5
51.cxd5 Bd7 52.Ke4 b5 53.Kd4 a4 54.b4 a3 55.f3  1-0

[Event "17th Lienz Open 2013"]
[Site "Lienz AUT"]
[Date "2013.02.13"]
[Round "6.5"]
[White "Heinig,Wo"]
[Black "Rieger,R"]
[Result "0-1"]
[WhiteElo "2329"]
[BlackElo "2124"]

1.d4 Nf6 2.c4 e6 3.g3 d5 4.Nf3 Be7 5.Bg2 O-O 6.O-O dxc4 7.Qc2 a6 8.a4 Bd7
9.Ne5 Bc6 10.Nxc6 Nxc6 11.e3 Na5 12.Nd2 c5 13.dxc5 Qc7 14.b4 cxb3 15.Nxb3 Nxb3
16.Qxb3 Rab8 17.c6 bxc6 18.Qc4 Qa5 19.Rd1 Rfc8 20.Bf1 Ra8 21.Bd2 Qc7 22.a5 Ne8
23.Bc3 Bf6 24.Bxf6 Nxf6 25.Rdb1 Nd7 26.Bg2 Ra7 27.Ra3 h6 28.Rc1 c5 29.Qa4 Qd6
30.Rb3 Rac7 31.Rb2 c4 32.Rd1 Qe7 33.Rc2 Ne5 34.Rc3 Nd3 35.Qc2 Qb4 36.Bf1 Ne5
37.f4 Ng4 38.h3 Nf6 39.Rd4 Nd5 40.Rdxc4 Rxc4 41.Rxc4 Rxc4 42.Qxc4 Qe1 43.Qxa6 Qxg3+
44.Kh1 Nxe3 45.Qa8+ Kh7 46.Bd3+ f5 47.a6 Qe1+ 48.Kh2 Qd2+ 49.Kg1 Qxd3 50.a7 Qf1+
51.Kh2 Qxf4+ 52.Kh1 Qf1+ 53.Kh2 Qf2+ 54.Kh1 Nf1 55.Qg2 Qxa7  0-1

[Event "ch-CHI Final 2013"]
[Site "Iquique CHI"]
[Date "2013.02.15"]
[Round "3.6"]
[White "Avalos Parra,J"]
[Black "Henriquez Villagra,C"]
[Result "0-1"]
[WhiteElo "2181"]
[BlackElo "2306"]

1.d4 d5 2.c4 e6 3.Nf3 Be7 4.g3 Nf6 5.Bg2 O-O 6.O-O a6 7.Nc3 b6 8.Ne5 Bb7
9.Qc2 Nbd7 10.Rd1 c6 11.e4 dxc4 12.Nxc4 b5 13.Ne3 Rc8 14.a3 Qb6 15.Qe2 Rfd8
16.g4 c5 17.d5 exd5 18.exd5 Bf8 19.g5 Ne8 20.Ne4 Nd6 21.Nxd6 Bxd6 22.Bh3 Qc7
23.Kg2 Re8 24.b3 Rcd8 25.Bb2 Nf8 26.Bf5 Bf4 27.Qf3 Bxg5 28.h4 Bxe3 29.fxe3 Qe7
30.Rd3 Ng6 31.Bxg6 hxg6 32.Re1 Qxh4 33.Red1 Bc8 34.Rh1 Qg5+ 35.Qg3 Qxg3+
36.Kxg3 Bf5 37.Rd2 Rxe3+ 38.Kf4 Rde8  0-1

[Event "Aeroflot Open Rapid KO"]
[Site "Moscow RUS"]
[Date "2013.02.15"]
[Round "2.2"]
[White "Gupta,Ab"]
[Black "Shimanov,A"]
[Result "1/2-1/2"]
[WhiteElo "2612"]
[BlackElo "2640"]

1.d4 Nf6 2.c4 e6 3.Nf3 d5 4.g3 Be7 5.Bg2 O-O 6.O-O c6 7.b3 b6 8.Bb2 Nbd7
9.Qc2 Bb7 10.Nc3 Rc8 11.e4 Nxe4 12.Nxe4 dxe4 13.Qxe4 Nf6 14.Qe2 c5 15.Rad1 cxd4
16.Nxd4 Bxg2 17.Kxg2 Qc7 18.Rd3 a6 19.Rfd1 Rfd8 20.f3 Qb7 21.a4 h6 22.h3 Qc7
23.g4 Kh8 24.h4 Nh7 25.Qf2 Nf8 26.Qd2 Kg8 27.Qc3 f6 28.Qe1 e5 29.Nf5 Ne6
30.Bc1 Bf8 31.h5 Rxd3 32.Rxd3 b5 33.Be3 bxc4 34.bxc4 Qxc4 35.Rd7 Qc2+ 36.Kg3 Qxa4
37.Qd2 Rc7 38.Rxc7 Nxc7 39.Qd8 Ne6 40.Qc8 Qb3 41.Qxa6 Nd4 42.Bxd4 exd4 43.Nxd4 Qb8+
44.Kh3 Qf4 45.Qe6+ Kh8 46.Qe4 Qxe4 47.fxe4 Kg8 48.Kg3 Bd6+ 49.Kf3 Kf7 50.Nf5 Be5
51.Nh4 Bd6 52.Ke3 Be5 53.Kd3 Bg3 54.Ng6 Bd6 55.Kd4 Ke6 56.Nh4 Be5+ 57.Kc4 Bf4
58.Ng6 Bd6 59.Kb5 Ba3 60.Kc6 Bd6 61.Kb7 Ba3 62.Kc7 Be7 63.Kc8 Kd6 64.Nh4 Ke5
65.Kd7 Ba3 66.Nf5 Kxe4 67.Ke6 Kf4 68.Kf7 Kxg4 69.Kg6 Bf8 70.Nd4 Bc5 71.Ne6 Be3
72.Nxg7 Bg5 73.Nf5 Bc1 74.Nd6 Be3 75.Nf5 Bc1 76.Ne7 Bg5 77.Nf5 Bc1 78.Nd4 Be3
79.Ne6 f5 80.Ng7 f4 81.Nf5 Bc1 82.Nxh6+ Kh3 83.Kf5 f3 84.Ng4 Kh4 85.Ke4  1/2-1/2

[Event "e2e4 Brighton Masters 2013"]
[Site "Brighton ENG"]
[Date "2013.02.16"]
[Round "1"]
[White "Foo,William J"]
[Black "Eggleston,D"]
[Result "1-0"]
[WhiteElo "2060"]
[BlackElo "2343"]

1.d4 Nf6 2.c4 e6 3.g3 d5 4.Nf3 Be7 5.Bg2 O-O 6.O-O dxc4 7.Qc2 a6 8.Qxc4 b5
9.Qc2 Bb7 10.Bd2 Be4 11.Qc1 Qc8 12.Nc3 Bb7 13.Bg5 Nbd7 14.Qc2 c5 15.Rac1 cxd4
16.Nxd4 Bxg2 17.Kxg2 Qb7+ 18.f3 Rac8 19.Qb1 Rc4 20.Nb3 Bb4 21.Nd2 Rcc8 22.Bxf6 Nxf6
23.Nde4 Nxe4 24.Nxe4 f5 25.Nf2 Bd2 26.Rxc8 Rxc8 27.Qd3 Qd5 28.Qxd5 exd5 29.Rd1 Rc2
30.Nd3 Be3 31.Kf1 d4 32.a4 bxa4 33.Ra1 Rc4 34.Ke1 Bg5 35.Kd1 Bf6 36.Rc1 Rxc1+
37.Kxc1 Be7 38.Kc2 Kf7 39.Nf4 g5 40.Nd5 a3 41.bxa3 Bxa3 42.Kb3 Bc1 43.Nb4 Be3
44.h3 h5 45.Nxa6 g4 46.fxg4 fxg4 47.hxg4 hxg4 48.Kc4 Ke6 49.Nb4 Ke5 50.Nd3+ Kd6
51.Nc5 Ke5 52.Nd3+ Ke4 53.Nc5+ Kf5 54.Kd5 Bf2 55.Ne4 Be3 56.Nd6+ Kf6 57.Ke4 Kg5
58.Ke5 Kg6 59.Nf5 Bf2 60.Kf4 Kh5 61.Nd6 Be3+ 62.Kf5 Bf2 63.Ne4 Bxg3 64.Nxg3+ Kh4
65.Kf4 Kh3 66.Nf5 Kg2 67.Nxd4 Kf2 68.e4 g3 69.Nf3  1-0

[Event "Frau Bundesliga Div1 2012-13"]
[Site "Germany GER"]
[Date "2013.02.16"]
[Round "8.2"]
[White "Paehtz,E"]
[Black "Hoolt,S"]
[Result "1-0"]
[WhiteElo "2482"]
[BlackElo "2308"]

1.Nf3 Nf6 2.g3 d5 3.c4 e6 4.d4 Be7 5.Bg2 O-O 6.O-O Nbd7 7.Qc2 c6 8.Nbd2 b6
9.e4 Bb7 10.e5 Ne8 11.cxd5 exd5 12.Rd1 Nc7 13.Nf1 f5 14.h4 Qe8 15.Bh3 Qh5
16.Kg2 Rad8 17.Ne3 f4 18.Nf5 Qf7 19.Bxf4 Ne6 20.Nxe7+ Qxe7 21.Bxe6+ Qxe6
22.Qxh7+  1-0